000 00583nam a2200181Ia 4500
005 20250508162744.0
008 008 250505s9999 xx 000 0 eng d
037 _aTextual
040 _aFEDL
_beng
_cFEDL
041 _aeng
_2eng
084 _a491.22, BAN
_qFEDL
100 _aBandyopadhyay Nandita
245 0 _aBeing meaning and proposition: A comparative critical study of Bhartrhari, Russell, Frege and Strawson
260 _aCalcutta, India
_bSanskrit Pustak Bhandar
_c1988
300 _axv,80p
942 _cTEXL
_h491.22, BAN
999 _c1378513
_d1378513